1498 1059 1019 1495 1085 1809 1695 1414 1039 1933 1658 1292 1169 1077 1589 1236 1623 1193 1732 1153 1853 1058 1822 1755 1124 1036 1167 1559 1876 1000 1451 1552 1532 1716 1434 1080 1831 1834 1611 1513 1277 1518 1879 1781 1713 1219 1017 1238 1518 1812 1823 1238 1030 1305 1662 1377 1367 1383 1972 1000 1945 1849 1992 1511 1039 1461 1215 1515 1772 1888 1637 1371 1159 1248 1918 1815 1468 1825 1750 1969 1659 1651 1128 1121 1985 1332 1274 1624 1457 1564 1121 1237 1041 1049 1398 1580 1447 1933 1395 BCNSPRNW ULIB Ver.6.0+V

เปลี่ยนเป็นภาษาไทย

Change to English
 แสดงรายละเอียดบรรณานุกรม
  กลับหน้าหลัก

Brief Record : Get Marc (ISO 2709) : E-mail record : QR code < ปิดหน้าต่าง
LEADER : 00000nam 2200000uu 4500
001    13399126313
003     ULIB
008    180905s2560||||th 000 0 tha d
020    ^a9786164260597
060    ^aWY152.5 ก495
100    ^aจรัญ สายะสถิตย์,บรรณาธิการ
245    ^aการพยาบาลผู้ป่วยวิกฤตหัวใจ/จรัญ สายะสถิตย์,บรรณาธิการ
260    ^aพิษณุโลก :^bสำนักพิมพ์มหาวิทยาลัยนเรศวร,^c2560
300    ^a171 หน้า
945    ^p390^l0^i004528
945    ^p390^l0^i004526
945    ^p390^l0^i004527
999    ^aประนอม เกษจรัล
รายการนี้ยังไม่มีแท็ก
คุณยังไม่ได้ล็อกอิน คุณสามารถมีกิจกรรมร่วมกับเว็บไซต์ได้ แต่ต้องล็อกอินก่อน ::
  ล็อกอิน

รายการสื่อสารสนเทศ

ลำดับที่ ประเภท เลขเรียก/บาร์โค้ด สถานที่ สถานะ
1. Book การพยาบาล
หนังสือสำรอง
สถานะ=หนังสือสำรอง
WY152.5 ก495 ฉ.1 
  Barcode: 004526
ห้องสมุดวิทยาเขตสวรรค์ประชารักษ์
►หนังสือทั่วไป
บนชั้น
2. Book การพยาบาล
Book การพยาบาล
WY152.5 ก495 ฉ.2 
  Barcode: 004527
ห้องสมุดวิทยาเขตสวรรค์ประชารักษ์
►หนังสือทั่วไป
ถูกยืม กำหนดส่งวันที่ 1 มกราคม 2569
  จอง
3. Book การพยาบาล
Book การพยาบาล
WY152.5 ก495 ฉ.3 
  Barcode: 004528
ห้องสมุดวิทยาเขตสวรรค์ประชารักษ์
►หนังสือทั่วไป
บนชั้น

รายการใกล้เคียง
    ชื่อเรื่อง [การพยาบาลผู้ป่วยวิกฤตหัวใจ/จรัญ สายะสถิตย์,บรรณาธิการ]

    ผู้แต่ง [จรัญ สายะสถิตย์,บรรณาธิการ]

BibComment


ยังไม่เคยถูกคอมเมนท์

คอมเมนท์ทรัพยากรรายการนี้
  คอมเมนท์: การพยาบาลผู้ป่วย..


 Copyright 2026. Bcnsprnw @Library